000 01340nam a2200361 a 4500
001 000108804
003 CHAP
005 20220329144025.0
008 140312s2012 mx sm |||||||spa d
010 _a105266
011 _a106238
040 _cCHAP
090 _aTesis
100 1 _aQuiroz Antunez, Ulises Gildardo
_9125868
245 1 0 _aImpactos del cambio climático sobre la aptitud para el café (Coffea arabica) y el cacao (Theobroma cacao) en el Soconusco, Chiapas
_h[En línea]
_cpor Ulises Gildardo Quiroz Antunez.
260 _aChapingo, Méx. :
_bEl autor,
_c2012.
500 _aPara ver el contenido del material haga clic en la liga
502 _aTesis (Ing. en Recursos Naturales Renovables) -- UACH. Departamento de Suelos
590 _aBATCH-UPD
_b05
_c20140324
_lUCH01
_h1536
590 _aBATCH-UPD
_b05
_c20141002
_lUCH01
_h0857
590 _aE6096MTM
_b05
_c20140312
_lUCH01
_h1445
590 _aE6096MTM
_b05
_c20140312
_lUCH01
_h1448
650 1 4 _aCacao
_xChiapas.
_916930
650 1 4 _aCafé
_xChiapas.
_917115
650 1 4 _aCafé
_xEfecto del clima.
_917130
650 1 4 _aCambio climático.
_917781
650 1 4 _aImpacto ambiental.
_957465
650 1 4 _aSuelos y clima.
_9110569
856 _aFinding aid
_uhttp://10.13.5.2/tesis/sist108804.pdf
_zTeclea aquí
901 _aBK
942 _cTESIS
942 _n0
999 _c105266
_d105266